| 000 | 00725nam a22001937a 4500 | ||
|---|---|---|---|
| 999 |
_c20417 _d20417 |
||
| 003 | AR-CdUCM | ||
| 008 | 190530b ||||| |||| 00| 0 spa d | ||
| 040 |
_aMUNICIPALIDAD PROVINCIAL DEL CUSCO _cBIBLIOTECA MUNICIPAL DEL CUSCO |
||
| 082 |
_a070 / _bJ54 |
||
| 100 |
_aJimenez, Jorge Augusto _942684 |
||
| 245 |
_aManual de redacción periodística : _bredacción eficaz o simplificada / |
||
| 260 |
_aLima : _bUniversidad San Martín de Porras, _c1985. |
||
| 300 |
_a119 páginas ; _c21 cm. |
||
| 505 | _aContenido: Pensamientos -- Redacción simplificada -- Fundamentos de la redacción simplificada... | ||
| 650 |
_aPeriodismo _91929 |
||
| 650 |
_aComunicación _94985 |
||
| 942 |
_2ddc _cLIBROS |
||
| 945 |
_adavv _d2019-05-30 |
||